LEADER 01021nam0 22002771i 450 001 RML0312595 005 20231121125752.0 100 $a20121121d1998 ||||0itac50 ba 101 | $aita 102 $ait 181 1$6z01$ai $bxxxe 182 1$6z01$an 200 1 $a˜La œclonazione$fComitato Nazionale per la Bioetica 210 $aRoma $cPresidenza del Consiglio dei ministri, Dipartimento per l'informazione e l'editoria $d©1998 215 $a117 p.$d24 cm. 606 $aClonazione$2FIR$3RMLC138841$9I 676 $a174.25$9$v21 710 12$aComitato nazionale per la bioetica$3RMLV201909$01446211 801 3$aIT$bIT-01$c20121121 850 $aIT-FR0017 899 $aBiblioteca umanistica Giorgio Aprea$bFR0017 912 $aRML0312595 950 0$aBiblioteca umanistica Giorgio Aprea$d 52CIS 12/1204$e 52VM 0000830525 VM barcode:00077715. - Inventario:873 SSVM$fA $h20100524$i20121204 977 $a 52 996 $aClonazione$93632300 997 $aUNICAS LEADER 01088nam0 22002891i 450 001 RML0239972 005 20231121125706.0 100 $a20121121d1998 ||||0itac50 ba 101 | $aita 102 $ait 181 1$6z01$ai $bxxxe 182 1$6z01$an 200 1 $aISO 9000$eSistema qualità e certificazione$fFilippo C. Barbarino, Erika Leonardi 210 $aMilano $cIl Sole 24 Ore S.p.A. $d1998 215 $axvi, 460 p.$cfig.$d24 cm.$e2 floppy-disk 606 $aQualità ISO 9000$2FIR$3RMLC399276$9I 676 $a658.562$9$v20 700 1$aBARBARINO$b, Filippo C$3RMLV153512$0117700 701 1$aLEONARDI$b, Erika$3RMLV153250$0361340 801 3$aIT$bIT-01$c20121121 850 $aIT-FR0098 899 $aBiblioteca Area Giuridico Economica$bFR0098 912 $aRML0239972 950 0$aBiblioteca Area Giuridico Economica$d 53TER 658.562/1$e 53VM 0000090105 VM barcode:BAGE012962. - Inventario:4226. - Fondo:Sala consultazioneVM$fA $h19991020$i20121204 977 $a 53 996 $aISO 9000$947151 997 $aUNICAS